000 00562nam a2200217Ia 4500
008 101110s9999 xx 000 0 und d
041 _aENGLISH
082 _bJR5283
100 _aSetumadhavi, R.Pai,Shankar,S.S,Kulkarni,V.G.
245 _aBanking(Theory Std-XI)
260 _c1995
_bVyavsay Shikshan va Prashikshan sanchalanalay
300 _a271
365 _b62
520 _aCommerce
546 _aENGLISH
630 _aBanking(Theory Std-XI)
650 _aCommerce
655 _aCommerce
730 _aBanking(Theory Std-XI)
942 _cBOOK
999 _c796079
_d796076